| 000 | 00772nac a22001931u 4500 | ||
|---|---|---|---|
| 010 | _a 91023462 | ||
| 020 | _a1851666095 | ||
| 082 | 0 | 0 |
_a620.118 _bBLA. |
| 090 |
_c5387 _d5387 |
||
| 100 | _aBlazynski, T. Z. | ||
| 245 | 1 | 0 |
_aDynamically consolidated composites : _bmanufacture and properties / _cT.Z. Blazynski. |
| 260 |
_aLondon ; _aNew York : _bElsevier Applied Science ; _aNew York, NY, USA : _bSole distributor in the USA and Canada, Elsevier Science Pub. Co.,c1992. _cc1992. |
||
| 300 |
_axiii, 452 p. : _bill. ; _c23 cm. |
||
| 500 | _aDistributer : Al Ahram. | ||
| 504 | _aIncludes bibliographical references and index. | ||
| 511 | _aCatalogued By : Mahitab. | ||
| 650 | 0 | _aComposite materials. | |
| 942 |
_cBB _k620.118BLA. |
||
| 999 |
_c5387 _d5387 |
||